عرض عادي عرض مارك
  • Silbernagl, Stefan.

مدخل إسم شخص

عدد التسجيلات المستخدمة في: 1

001 - رقم الضبط

  • حقل الضبط: 19557

003 - معرف رقم الضبط

  • حقل الضبط: OSt

005 - تاريخ ووقت أخر عملية

  • حقل الضبط: 20130113220647.0

008 - عناصر بيانات ثابتة الطول

  • حقل تحكم ثابت الطول: 130113|||a|||||| | ||| d

040 ## - مصدر الفهرسة

  • هيئة الفهرسة الأصلية: OSt
  • وكالة الكتابة: OSt

100 ## - مدخل -- أسم شخص

  • إسم شخص: Silbernagl, Stefan.

670 ## - بيانات المصدر موجوده

  • الاستشهاد بالمصدر: Work cat.: (OSt)28864: Silbernagl, Stefan., Color atlas of physiology /, c2009.